000 00317nam a2200133Ia 4500
005 20260328101440.0
008 260328s9999||||xx |||||||||||||| ||und||
100 _aHart, Spencer
245 0 _aFrank Lloyd Wright /
_cSpencer Hart
260 _bBarnes & Noble
300 _a128 p.
650 _aARQUITECTOS
942 _cBK
999 _c8224
_d8224